| 000 | 00336nam a2200097Ia 4500 | ||
|---|---|---|---|
| 008 | 240331s9999 xx 000 0 und d | ||
| 082 | _bDES | ||
| 100 | _aDe Silva, Mervyn | ||
| 245 | 4 |
_aThe Debt Crisis, and Aid, a euphemistic term for crippling loans : _bGlasnost-Peretroika, but the struggles of the third worlds' poor continues |
|
| 942 | _cL | ||
| 999 |
_c2751 _d2751 |
||